| 000 | 00515nam a22001577a 4500 | ||
|---|---|---|---|
| 008 | 150310b xxu||||| |||| 00| 0 eng d | ||
| 050 | _aQB981.T8 | ||
| 100 |
_aToulmin, Stephen _99310 |
||
| 245 |
_aThe Fabric of the heavens: _bthe development of astronomy and dynamics _c/by Stephen Toulmin and June Goodfield |
||
| 260 |
_aNew York _bHarper and row _c1961 |
||
| 300 |
_a285p. ; _c21cm. |
||
| 650 |
_aCosmology _916136 |
||
| 650 |
_aAstronomy _96632 |
||
| 700 |
_a Goodfield, June _916889 |
||
| 942 |
_2lcc _cMONOGRAPH |
||
| 999 |
_c122382 _d122382 |
||